| 000 | 00583nam a2200181 i 4500 | ||
|---|---|---|---|
| 001 | 187123 | ||
| 003 | ES-MaACL | ||
| 005 | 20230906222824.0 | ||
| 008 | 170419s1961 xxu |||| |beng d | ||
| 080 | _a929 Pound, Ezra | ||
| 100 | 1 |
_aMullins, Eustace. _9162414 |
|
| 245 | 1 | 0 |
_aThis difficult individual, Ezra Pound / _cby Eustace Mullins. |
| 260 |
_aNew York : _bFleet Publishing Corporation, _c[1961] |
||
| 300 |
_a388 p. ; _c21 cm. |
||
| 500 | _aÍndice onomástico. | ||
| 600 | 1 | 4 |
_aPound, Ezra ( _d1885-1972)- _xBiografías. _993451 |
| 852 |
_aES-MaACL _jL-31447 _z- enc. cart. |
||
| 999 |
_c187123 _d187123 |
||